Memoria del Instituto de Segunda enseñanza de Cádiz / (Registro nro. 155950)

Detalles MARC
000 -LEADER
campo de control de longitud fija 00850nam a2200193 i 4500
001 - NÚMERO DE CONTROL
campo de control 155950
003 - IDENTIFICADOR DE NÚMERO DE CONTROL
campo de control ES-MaACL
005 - FECHA Y HORA DE LA ÚLTIMA TRANSACCIÓN
campo de control 20230906210249.0
008 - DATOS DE LONGITUD FIJA--INFORMACIÓN GENERAL
campo de control de longitud fija 970409s1868 sp |||| | spa d
040 ## - FUENTE DE CATALOGACIÓN
Centro catalogador/agencia de origen CYL
Lengua de catalogación spa
Centro/agencia transcriptor CYL
110 2# - ENTRADA PRINCIPAL--NOMBRE DE ENTIDAD CORPORATIVA
Nombre de entidad corporativa o nombre de jurisdicción como elemento de entrada Instituto Provincial de Segunda Enseñanza de Cádiz.
9 (RLIN) 144996
245 10 - MENCIÓN DEL TÍTULO
Título Memoria del Instituto de Segunda enseñanza de Cádiz /
Mención de responsabilidad, etc. leida en la apertura de curso de 1868 a 1869 por D. Vicente Rubio y Diaz.
260 ## - PUBLICACIÓN, DISTRIBUCIÓN, ETC.
Lugar de publicación, distribución, etc. Cádiz :
Nombre del editor, distribuidor, etc. [s.n.],
Fecha de publicación, distribución, etc. 1868 (
Fabricante Imprenta y litografía de la Revista Médica)
300 ## - DESCRIPCIÓN FÍSICA
Extensión 35, [8] p. ;
Dimensiones 22 cm.
700 21 - ENTRADA AGREGADA--NOMBRE PERSONAL
Nombre de persona Rubio y Diaz, Vicente.
9 (RLIN) 222492
710 2# - ENTRADA AGREGADA--NOMBRE DE ENTIDAD CORPORATIVA
Nombre de entidad corporativa o nombre de jurisdicción como elemento de entrada Instituto Provincial de Segunda Enseñanza de Cádiz
-- -Memorias.
9 (RLIN) 144996
852 ## - LOCALIZACIÓN
Ubicación ES-MaACL
Número de control de estantería T-707-F-8
Nota libre -- Enc. hol. conservando la cub. original deteriorada
-- -- Enc. en un vol. facticio
Existencias
Estatus retirado Estado de pérdida Estado de daño No para préstamo Colección Biblioteca de origen Biblioteca actual Ubicación en estantería Fecha de adquisición Total de préstamos Signatura topográfica completa Código de barras Visto por última vez Precio de reemplazo Tipo de ítem Koha
        Colección de folletos Biblioteca del Ateneo de Madrid Biblioteca del Ateneo de Madrid Depósito folletos 17/01/2008   T-707-F-8 1163149 23/02/2023 23/02/2023 Folleto